000 00325nam a2200133Ia 4500
008 210312s9999||||xx |||||||||||||| ||und||
041 _aosm
050 _aPL234
050 _bO86.D58
100 _aNevres, Osman
245 0 _aDivan-ı Nevres
260 _c1874
650 _aEdebiyat--Türk edebiyatı--Divan edebiyatı--Şiir
999 _c21889
_d21889